Datum a čas kvízu

31.5 Celkem bodů Celkový počet nahraných bodů na tomto kvízu bez doplňovacích otázek.
4. Pořadí na kvízu Konečné umístění týmu na tomto kvízu.

Zaznamenané odpovědi

# Otázka Odpověď Body Výsledky
1. Obyvatelé Ostravy se po 21 let... (Moravskoslezská vědecká) knihovna 1
2. Ve vysílání maďarské státní te... Bratislavský hrad 1
3. Režisér Karel Janák minulý týd... Snowboarďáci 1
4. Skupina Seyfor vedená Martinem... Dotykačka 0
5. Česká rychlobruslařka Martina... Nikola Zdráhalová 0
6. Podíváme se na několik známých... Cheops / Chufu (Chufev) 1
7. V Egyptě ještě chvíli zůstanem... Hatšepsut (Hatšepsovet) 1
8. Kdo je pohřben pod tímto náhro... Josef Skupa 1
9. Tento hřbitov je situován při... Arlingtonský 1
10. V poslední otázce tématu se po... Kolja 1